Great feats of modern engineering /

Bibliographic Details
Main Author: Flaxman, Edward
Format: Book
Language:English
Published: London : Blackie & son, ltd., [1938]
Subjects:

MARC

Tag First Indicator Second Indicator Subfields
LEADER 00000cam a2200000 4500
001 in00000095747
005 20150925085624.0
008 800401s1938 enkabf 00010 eng d
035 |a (OCoLC)06154103 
035 |9 AAL1965AM 
040 |a TXA  |c TXA  |d UtOrBLW 
049 |a TXAM  |c [83777] 
090 |a TA19  |b .F5 1938a 
100 1 |a Flaxman, Edward. 
245 1 0 |a Great feats of modern engineering /  |c by Edward Flaxman. Very fully revised and with thirty-two half-tone plates and other illustrations. 
264 1 |a London :  |b Blackie & son, ltd.,  |c [1938] 
300 |a 287 pages :  |b frontispiece, illustrations (including maps) plates, diagrams 
336 |a text  |b txt  |2 rdacontent 
337 |a unmediated  |b n  |2 rdamedia 
338 |a volume  |b nc  |2 rdacarrier 
500 |a "Printed in Great Britain." 
500 |a "1938 edition." 
650 0 |a Engineering  |x History. 
999 |a MARS 
999 f f |s 31468cec-a549-367d-9190-1b2b1919948c  |i a5e2278a-8e71-3589-b4ec-ae87e42c3690  |t 0 
952 f f |p ric  |a Texas A&M University  |b Rellis Campus  |c Joint Library Facility  |d Remote Storage  |t 0  |e TA19 .F5 1938a  |h Library of Congress classification  |i unmediated -- volume  |m A14805289818 
998 f f |a TA19 .F5 1938a  |t 0  |l Remote Storage